000 00352nam a2200145 i 4500
001 bg
100 1 _aMOSZYŃSKA, M.
245 0 _aGeometria z algebrą liniową /
_cM. Moszyńska, Święcicka.
260 _aWarszawa,
_c1987.
700 1 _aŚWIĘCICKA,
040 _cBPK
041 _apol
942 _cKS
008 s pl f |000 0 pol
999 _c23552
_d23552
856 _uhttp://koha.tu.koszalin.pl/cgi-bin/koha/opac-detail.pl?biblionumber=23552
_yKatalog online BPK